All 52 Cards In a Deck of Cards In 2:30 - Statistics

General Stats
  • This quiz has been taken 133 times
  • The average score is 32 of 52
Answer Stats
Card % Correct
Ace of Hearts
86%
Ace of Diamonds
79%
Ace of Spades
75%
2 of Hearts
72%
2 of Diamonds
70%
3 of Hearts
70%
Ace of Clubs
70%
4 of Hearts
67%
2 of Spades
66%
3 of Diamonds
64%
5 of Hearts
64%
2 of Clubs
63%
King of Hearts
63%
Queen of Spades
63%
3 of Clubs
62%
3 of Spades
62%
4 of Clubs
62%
4 of Spades
62%
Jack of Hearts
62%
Jack of Spades
62%
Queen of Hearts
62%
4 of Diamonds
61%
5 of Spades
61%
6 of Hearts
61%
7 of Hearts
61%
9 of Hearts
61%
Jack of Diamonds
61%
King of Spades
61%
Queen of Diamonds
61%
5 of Clubs
59%
5 of Diamonds
59%
6 of Spades
59%
8 of Hearts
59%
8 of Spades
59%
9 of Diamonds
59%
9 of Spades
59%
King of Diamonds
59%
10 of Diamonds
58%
10 of Hearts
58%
6 of Diamonds
58%
7 of Spades
58%
8 of Diamonds
58%
10 of Spades
57%
7 of Diamonds
57%
9 of Clubs
57%
6 of Clubs
55%
7 of Clubs
55%
8 of Clubs
55%
Jack of Clubs
54%
Queen of Clubs
54%
King of Clubs
51%
10 of Clubs
50%
No matching quizzes found
Score Distribution
Percent of People with Each Score
Percentile by Number Answered
Your Score History
You have not taken this quiz